000 00688nam a22001937a 4500
999 _c95749
_d95749
005 20200128102252.0
010 _aB-731172
020 _a9780670089901
_c799.00
037 _adpl
_bDBAD/Pub
082 _2921
100 _aSengupta, Hindol
245 _aThe man who saved India Srdar Patel and his ideas of India
_cGeoft Martz and Adam Robinson
250 _a2016
_bedited by Calvin Cato
260 _aGurgon
_bPenguin Random house
_c2018
270 _a7th Floor, Infinity Tower C, DLF, Cyber City,
_bGurgon
_e122002
300 _axlii,437p.
_bphotos
_c22cm(Hb)
942 _2ddc
_cEN
_h921
_mSEN